00489nam a2200193 a 4500001001300000003000900013005001700022008004100039020001000080082001600090100002300106245003400129260003300163300000900196500003500205505001000240650002200250700002300272nice12345678IN_TiNIC20260116011400.0050524s1936 azaa grp 000 0 urd  ac10000a297.7bNAD5 aNadvi, Abul Hasnat aHindustan Ki Qadeem Darsgahen aAzamgarhbMatba Maarifc1936 a124p aincludes index and biblioraphy2 aIndex aIslamic-Education1 aNadvi, Abul Hasnat